Construir la escritura
Збережено в:
| Автор: | |
|---|---|
| Формат: | Книга |
| Мова: | Іспанська |
| Опубліковано: |
Barcelona
Paidós
1999
|
| Серія: | Papeles de Pedagogía, 42
|
| Предмети: | |
| Теги: |
Додати тег
Немає тегів, Будьте першим, хто поставить тег для цього запису!
|
MARC
| LEADER | 00000nam a2200000 a 4500 | ||
|---|---|---|---|
| 001 | UCO6518 | ||
| 003 | CL-VaPUC | ||
| 008 | 001020e19990000SP |||||||||||||||||spa|d | ||
| 020 | |a 8449307708 | ||
| 082 | 0 | 4 | |a 372.634 |b CAS |2 21 |
| 100 | 0 | |a Cassany, Daniel |e author |9 451216 | |
| 245 | 1 | 0 | |a Construir la escritura |
| 300 | |a 407 p | ||
| 942 | |c BK | ||
| 945 | |d 20001020 00:00:00 |a cmena | ||
| 260 | |a Barcelona |b Paidós |c 1999 | ||
| 650 | 0 | |a Enseñanza de la escritura |9 307377 | |
| 650 | 0 | |a Métodos de enseñanza |9 270413 | |
| 650 | 0 | |a Evaluación de la educación |9 237505 | |
| 583 | |a last modification |c 20001020 00:00:00 |k Rodrigo Vera | ||
| 490 | 0 | |a Papeles de Pedagogía, 42 | |
| 999 | |c 292010 |d 292008 | ||
| 952 | |0 0 |1 0 |4 0 |6 372_634000000000000_CAS_1999 |7 0 |8 A |9 342441 |a FDOPOS |b BIBEDU |d 2019-11-20 |i 365012K |l 1 |m 1 |o 372.634 CAS 1999 |p 365012K |q 2025-05-06 |r 2025-04-23 |s 2025-04-23 |w 2019-11-20 |y BK |k MLA | ||
| 952 | |0 0 |1 0 |4 0 |6 372_634000000000000_CAS_1999 |7 0 |8 A |9 342442 |a FDOPOS |b BIBEDU |d 2019-11-20 |i 3772357 |l 2 |o 372.634 CAS 1999 |p 3772357 |r 2025-01-22 |s 2022-04-11 |w 2019-11-20 |y BK |k MLA | ||
| 952 | |0 0 |1 0 |4 0 |6 372_634000000000000_CAS_1999 |7 0 |8 A |9 342443 |a FDOPOS |b FDOPOS |d 2019-11-20 |i 3858138 |o 372.634 CAS 1999 |p 3858138 |r 2025-01-22 |w 2019-11-20 |y BK |k MLA | ||
| 952 | |0 0 |1 0 |4 0 |6 372_634000000000000_CAS_1999 |7 0 |8 A |9 342444 |a FDOPOS |b FDOPOS |d 2019-11-20 |i 3877698 |o 372.634 CAS 1999 |p 3877698 |r 2025-01-22 |w 2019-11-20 |y BK |k MLA | ||